Профессору И. В. Кучеренко - 75 лет; Известия Томского политехнического университета [Известия ТПУ]; Т. 322, № 1 : Науки о Земле

Bibliografische gegevens
Parent link:Известия Томского политехнического университета [Известия ТПУ]/ Томский политехнический университет (ТПУ).— , 2000-
Т. 322, № 1 : Науки о Земле.— 2013.— [С. 166-167]
Samenvatting:Заглавие с титульного листа
Электронная версия печатной публикации
8 ноября 1937 года родился доктор геолого-минералогических наук, профессор Томского политехнического университета, Заслуженный геолог РФ, Почетный работник высшего профессионального образования РФ, Действительный член Российского минералогического общества, Действительный член Академии естествознания России Игорь Васильевич Кучеренко.
Taal:Russisch
Gepubliceerd in: 2013
Reeks:Наши юбиляры
Onderwerpen:
Online toegang:http://earchive.tpu.ru/bitstream/11683/4647/1/bulletin_tpu-2013-322-1-29.pdf
Formaat: MixedMaterials Elektronisch Hoofdstuk
KOHA link:https://koha.lib.tpu.ru/cgi-bin/koha/opac-detail.pl?biblionumber=233960

MARC

LEADER 00000nla2a2200000 4500
001 233960
005 20231031203717.0
035 |a (RuTPU)RU\TPU\book\255044 
035 |a RU\TPU\book\255042 
090 |a 233960 
100 |a 20130314d2013 k y0rusy50 ca 
101 0 |a rus 
102 |a RU 
135 |a drnn ---uucaa 
181 0 |a i  
182 0 |a b 
200 1 |a Профессору И. В. Кучеренко - 75 лет  |b Электронный ресурс 
203 |a Текст  |c электронный 
215 |a 1 файл (376 Кб) 
225 1 |a Наши юбиляры 
230 |a Электронные текстовые данные (1 файл : 376 Кб) 
300 |a Заглавие с титульного листа 
300 |a Электронная версия печатной публикации 
330 |a 8 ноября 1937 года родился доктор геолого-минералогических наук, профессор Томского политехнического университета, Заслуженный геолог РФ, Почетный работник высшего профессионального образования РФ, Действительный член Российского минералогического общества, Действительный член Академии естествознания России Игорь Васильевич Кучеренко. 
337 |a Adobe Reader 
461 1 |0 (RuTPU)RU\TPU\book\176237  |t Известия Томского политехнического университета [Известия ТПУ]  |f Томский политехнический университет (ТПУ)  |d 2000- 
463 1 |0 (RuTPU)RU\TPU\book\254945  |x 1684-8519  |t Т. 322, № 1 : Науки о Земле  |v [С. 166-167]  |d 2013  |p 175 с. 
600 1 |a Кучеренко  |b И. В.  |c российский геолог  |c профессор Томского политехнического университета, доктор геолого-минералогических наук  |f 1937-  |g Игорь Васильевич  |y Томск  |2 stltpush  |3 (RuTPU)RU\TPU\pers\13904 
610 1 |a юбилеи 
610 1 |a труды учёных ТПУ 
610 1 |a электронный ресурс 
801 1 |a RU  |b 63413507  |c 20090623  |g PSBO 
801 2 |a RU  |b 63413507  |c 20190516  |g PSBO 
856 4 |u http://earchive.tpu.ru/bitstream/11683/4647/1/bulletin_tpu-2013-322-1-29.pdf 
942 |c CF